000 00252nam a2200109Ia 4500
008 190914s9999||||xx |||||||||||||| ||und||
100 _aJames E. Post
245 0 _aBusiness and Society
260 _aIndia
_bOxford
_c2001
300 _a664
942 _cBK
999 _c10022
_d10022